000 00487nam a2200169Ia 4500
999 _c591
_d591
003 OSt
005 20210831115835.0
008 190216s9999||||xx |||||||||||||| ||und||
040 _coclc
082 _a297
_bALS/A
100 _a Al Sabooni, Mohamed Ali
_98726
245 0 _aAthibyanu Fi Uloomil Quran /
_cMohamed Ali Al Sabooni
260 _bMakthaisathu Isha At Ul Islam,
_aDelhi:
300 _a239p
650 _aArabic
942 _cBK
_2ddc
_hALS/A
_i297
_kALS/A
_m297